Konsolidovaná účtovná závierka a jej využitie pri riadení konsolidačného poľa odbor: Kvantitatívne metódy v ekonómii a v podnikaní
Enregistré dans:
| Auteur principal: | |
|---|---|
| Collectivité auteur: | |
| Autres auteurs: | |
| Format: | Livre |
| Langue: | slovaque |
| Publié: |
Bratislava
2004
|
| Collection: | Habilitačné a inauguračné prednášky
|
| Sujets: | |
| Tags: |
Pas de tags, Soyez le premier à ajouter un tag!
|
MARC
| LEADER | 00000nam$a2200000$$$4500 | ||
|---|---|---|---|
| 001 | 0036632 | ||
| 005 | 20240104093409.2 | ||
| 041 | 0 | |a slo | |
| 044 | |a SK | ||
| 245 | 1 | 0 | |a Konsolidovaná účtovná závierka a jej využitie pri riadení konsolidačného poľa |b odbor: Kvantitatívne metódy v ekonómii a v podnikaní |c Jana Hvoždarová ; oponent: Vladimír Pilný ... [et al. ] |
| 264 | 1 | |a Bratislava |c 2004 | |
| 300 | |a [9] s. | ||
| 490 | 1 | |a Habilitačné a inauguračné prednášky | |
| 830 | 0 | |a Habilitačné a inauguračné prednášky | |
| 610 | 2 | 0 | |a závierka účtovná |
| 610 | 2 | 0 | |a závierka ročná konsolidovaná |
| 610 | 2 | 0 | |a úpravy právne |
| 610 | 2 | 0 | |a metódy kvantitatívne |
| 100 | 1 | |a Hvoždarová, Jana | |
| 700 | 1 | |a Pilný, Vladimír | |
| 710 | 2 | |a Ekonomická univerzita v Bratislave | |